[Event "Quebec op U2300"]
[Site "Montreal CAN"]
[Date "2007.07.27"]
[Round "8"]
[White "Falardeau, Bruno"]
[Black "Le Duin, Thierry"]
[Result "0-1"]
[WhiteElo "2049"]
[BlackElo "2046"]
[PlyCount "56"]
[GameId "2160767910576394"]
[EventDate "2007.07.20"]
[EventType "swiss"]
[EventRounds "9"]
[EventCountry "CAN"]
[SourceTitle "EXT 2022"]
[Source "ChessBase"]
[SourceDate "2021.10.06"]
[SourceVersion "1"]
[SourceVersionDate "2021.10.06"]
[SourceQuality "1"]

1. e4 d5 2. exd5 Nf6 3. d4 Bg4 4. Nf3 Qxd5 5. Be2 e6 6. O-O Nc6 7. c4 Qh5 8. Nc3 O-O-O 9. Bf4 Bc5 10. h3 Qf5 11. Be3 Bxf3 12. Bxf3 Nxd4 13. Bxd4 Bxd4 14. Qb3 c6 15. Qa4 g5 16. Ne2 Bb6 17. b4 g4 18. hxg4 Nxg4 19. Ng3 Qg5 20. c5 Bc7 21. b5 Nxf2 22. Rxf2 Qxg3 23. bxc6 Qh2+ 24. Kf1 Qh1+ 25. Ke2 Qxa1 26. Qb5 Qd1+ 27. Ke3 Qd4+ 28. Ke2 Qd2+ 0-1

[Event "Quebec op U2300"]
[Site "Montreal CAN"]
[Date "2007.07.27"]
[Round "8"]
[White "Gilman, Arkadiy"]
[Black "Tessier, Olivier"]
[Result "1-0"]
[WhiteElo "2068"]
[BlackElo "2218"]
[PlyCount "56"]
[GameId "2160767910576395"]
[EventDate "2007.07.20"]
[EventType "swiss"]
[EventRounds "9"]
[EventCountry "CAN"]
[SourceTitle "EXT 2022"]
[Source "ChessBase"]
[SourceDate "2021.10.06"]
[SourceVersion "1"]
[SourceVersionDate "2021.10.06"]
[SourceQuality "1"]

1. d4 Nf6 2. c4 c5 3. d5 b5 4. cxb5 a6 5. b6 e6 6. Nc3 Bb7 7. e4 exd5 8. exd5 d6 9. a4 a5 10. Nf3 Be7 11. Bc4 O-O 12. O-O Nbd7 13. Re1 Nxb6 14. b3 Nfd7 15. Bb2 Bf6 16. Qc2 Rb8 17. Rad1 Re8 18. Rxe8+ Qxe8 19. Nb5 Qe7 20. Re1 Ne5 21. Nxe5 Bxe5 22. Qd2 Re8 23. Kf1 Qf6 24. Qxa5 Nxd5 25. Bxd5 Bxd5 26. Nc7 Qg6 27. Nxd5 Qd3+ 28. Re2 Qxe2+ 1-0

[Event "Quebec op U2300"]
[Site "Montreal CAN"]
[Date "2007.07.27"]
[Round "8"]
[White "Hagesaether, Arne"]
[Black "Robidas, Francois"]
[Result "1-0"]
[WhiteElo "2148"]
[BlackElo "1996"]
[PlyCount "63"]
[GameId "2160767910576396"]
[EventDate "2007.07.20"]
[EventType "swiss"]
[EventRounds "9"]
[EventCountry "CAN"]
[SourceTitle "EXT 2022"]
[Source "ChessBase"]
[SourceDate "2021.10.06"]
[SourceVersion "1"]
[SourceVersionDate "2021.10.06"]
[SourceQuality "1"]

1. e4 Nf6 2. Nc3 d5 3. exd5 Nxd5 4. Nf3 Bg4 5. h3 Bh5 6. Qe2 c6 7. g4 Bg6 8. d3 e6 9. Bd2 Nd7 10. Bg2 Qc7 11. Nh4 Nf4 12. Qf3 Bd6 13. Bf1 Nf6 14. O-O-O O-O-O 15. Kb1 Kb8 16. Ng2 N6d5 17. Ne3 b5 18. Ng2 f6 19. Nxf4 Bxf4 20. Nxd5 cxd5 21. Qxf4 e5 22. Qb4 Qc6 23. Bg2 Rc8 24. Qb3 Bf7 25. d4 Bg6 26. Bc3 e4 27. Rhe1 Rhd8 28. Re3 Qb6 29. Bf1 Be8 30. Qa3 Rd6 31. Ba5 Qc6 32. Rc3 1-0

[Event "Quebec op U2300"]
[Site "Montreal CAN"]
[Date "2007.07.27"]
[Round "8"]
[White "Ibrahim, Anthony"]
[Black "Audet-Bouchard, Nicolas"]
[Result "1/2-1/2"]
[WhiteElo "2176"]
[BlackElo "2245"]
[PlyCount "53"]
[GameId "2160767910576397"]
[EventDate "2007.07.20"]
[EventType "swiss"]
[EventRounds "9"]
[EventCountry "CAN"]
[SourceTitle "EXT 2022"]
[Source "ChessBase"]
[SourceDate "2021.10.06"]
[SourceVersion "1"]
[SourceVersionDate "2021.10.06"]
[SourceQuality "1"]

1. d4 Nf6 2. Nc3 c5 3. d5 e5 4. e4 d6 5. f4 exf4 6. Bxf4 Be7 7. e5 dxe5 8. Bxe5 O-O 9. Nf3 Bd6 10. Bxd6 Qxd6 11. Be2 a6 12. O-O b5 13. Ng5 Qe5 14. Qd2 h6 15. Nf3 Qd6 16. Rad1 Nbd7 17. Nh4 Nb6 18. Nf5 Bxf5 19. Rxf5 Rad8 20. Rdf1 b4 21. Rxf6 gxf6 22. Ne4 Qe5 23. Nxf6+ Kg7 24. Nh5+ Kg8 25. Nf6+ Kg7 26. Nh5+ Kg8 27. Nf6+ 1/2-1/2

[Event "Quebec op U2300"]
[Site "Montreal CAN"]
[Date "2007.07.27"]
[Round "8"]
[White "Libersan, Thierry"]
[Black "Larochelle, Martial"]
[Result "1-0"]
[WhiteElo "2166"]
[BlackElo "2251"]
[PlyCount "65"]
[GameId "2160767910576398"]
[EventDate "2007.07.20"]
[EventType "swiss"]
[EventRounds "9"]
[EventCountry "CAN"]
[SourceTitle "EXT 2022"]
[Source "ChessBase"]
[SourceDate "2021.10.06"]
[SourceVersion "1"]
[SourceVersionDate "2021.10.06"]
[SourceQuality "1"]

1. e4 c5 2. Nf3 d6 3. d4 cxd4 4. Nxd4 Nf6 5. Nc3 a6 6. Be2 e5 7. Nb3 Be7 8. O-O O-O 9. Kh1 Nc6 10. f4 exf4 11. Bxf4 Be6 12. Qe1 Ne8 13. Rd1 Bf6 14. Qg3 Be5 15. Bxe5 Nxe5 16. Nd4 Nf6 17. Nf3 Nfg4 18. Nd4 Nf6 19. Nf3 Nfg4 20. h3 Nxf3 21. gxf3 Ne3 22. Rg1 g6 23. Rxd6 Qc7 24. Bd3 Rac8 25. e5 Bf5 26. Qf4 Bxd3 27. cxd3 f6 28. Qxe3 Rce8 29. Qd4 fxe5 30. Qd5+ Kh8 31. Rd7 Qb6 32. Ne4 Rxf3 33. Ng5 1-0

[Event "Quebec op U2300"]
[Site "Montreal CAN"]
[Date "2007.07.27"]
[Round "8"]
[White "Ramaswamy, Kishor"]
[Black "Kaminski, Victor"]
[Result "1-0"]
[WhiteElo "2129"]
[BlackElo "2149"]
[PlyCount "97"]
[GameId "2160767910576399"]
[EventDate "2007.07.20"]
[EventType "swiss"]
[EventRounds "9"]
[EventCountry "CAN"]
[SourceTitle "EXT 2022"]
[Source "ChessBase"]
[SourceDate "2021.10.06"]
[SourceVersion "1"]
[SourceVersionDate "2021.10.06"]
[SourceQuality "1"]

1. d4 d5 2. Nf3 c5 3. c3 e6 4. Bf4 Nc6 5. e3 Nf6 6. Nbd2 Be7 7. Bd3 Nh5 8. Bg3 Nxg3 9. hxg3 h6 10. O-O O-O 11. Re1 c4 12. Be2 b5 13. b4 a5 14. a3 axb4 15. axb4 Bb7 16. Qc2 Qb6 17. Qb2 Rxa1 18. Rxa1 Ra8 19. Bd1 Rxa1 20. Qxa1 Qa7 21. Qxa7 Nxa7 22. Bc2 Nc8 23. Kf1 Bc6 24. Ke2 Be8 25. e4 dxe4 26. Nxe4 Nb6 27. Kd2 Nd5 28. Nc5 g5 29. Be4 Bd6 30. Ne5 Kf8 31. Bxd5 exd5 32. Ng4 Kg7 33. Ne3 Bxc5 34. dxc5 Bc6 35. Nf5+ Kf6 36. Nxh6 Bd7 37. Ng8+ Ke6 38. g4 Ke5 39. Nh6 Be6 40. Ke3 f6 41. g3 d4+ 42. cxd4+ Kd5 43. Nf5 Bd7 44. f3 Ke6 45. Nd6 Bc6 46. f4 Kd5 47. Ne4 c3 48. Kd3 c2 49. Nc3+ 1-0

[Event "Quebec op U2300"]
[Site "Montreal CAN"]
[Date "2007.07.28"]
[Round "9"]
[White "Arsenault, Nicolas"]
[Black "Ramaswamy, Kishor"]
[Result "1-0"]
[WhiteElo "2121"]
[BlackElo "2129"]
[PlyCount "115"]
[GameId "2160767910576400"]
[EventDate "2007.07.20"]
[EventType "swiss"]
[EventRounds "9"]
[EventCountry "CAN"]
[SourceTitle "EXT 2022"]
[Source "ChessBase"]
[SourceDate "2021.10.06"]
[SourceVersion "1"]
[SourceVersionDate "2021.10.06"]
[SourceQuality "1"]

1. e4 c6 2. d4 d5 3. e5 c5 4. dxc5 e6 5. Nf3 Bxc5 6. Bd3 Nc6 7. O-O f6 8. exf6 Nxf6 9. Qe2 O-O 10. c4 Qd6 11. Be3 Bxe3 12. fxe3 Nb4 13. Nc3 Nxd3 14. Qxd3 Qc5 15. cxd5 exd5 16. Rad1 Re8 17. Nxd5 Nxd5 18. Qxd5+ Qxd5 19. Rxd5 Be6 20. Ra5 b6 21. Ra3 a5 22. Nd4 Bc4 23. Rc1 b5 24. Rac3 Bxa2 25. Nxb5 Rab8 26. Nd6 Red8 27. Rc8 Rbxc8 28. Rxc8 Rxc8 29. Nxc8 Kf8 30. Nd6 Bd5 31. Kf2 Ke7 32. Nb5 Bc6 33. Nd4 Be4 34. Nf3 Kd6 35. Nd2 Bd5 36. e4 Bf7 37. Ke3 Kc5 38. Kd3 a4 39. Kc3 h6 40. Nf3 Be6 41. Ne5 Kb5 42. Nd3 Bf7 43. Kd4 Bc4 44. Nc5 Bf1 45. g3 Kb4 46. Kd5 Bb5 47. e5 Be8 48. h4 g5 49. hxg5 hxg5 50. g4 Bf7+ 51. e6 Bg6 52. Kd6 Be8 53. Ke7 Bc6 54. Nxa4 Kxa4 55. Kf8 Kb3 56. e7 Kxb2 57. e8=Q Bxe8 58. Kxe8 1-0

[Event "Quebec op U2300"]
[Site "Montreal CAN"]
[Date "2007.07.28"]
[Round "9"]
[White "Drolet, Stephane"]
[Black "Caire, Francois"]
[Result "1-0"]
[WhiteElo "2149"]
[BlackElo "2287"]
[PlyCount "81"]
[GameId "2160767910576401"]
[EventDate "2007.07.20"]
[EventType "swiss"]
[EventRounds "9"]
[EventCountry "CAN"]
[SourceTitle "EXT 2022"]
[Source "ChessBase"]
[SourceDate "2021.10.06"]
[SourceVersion "1"]
[SourceVersionDate "2021.10.06"]
[SourceQuality "1"]

1. Nf3 Nf6 2. g3 b6 3. Bg2 Bb7 4. O-O e6 5. d3 c5 6. e4 d6 7. Nbd2 Be7 8. Ne1 Nc6 9. f4 Qc7 10. Nef3 a6 11. c3 b5 12. Bh3 g6 13. a3 d5 14. e5 Nd7 15. d4 Nb6 16. Nb3 Na4 17. Rf2 a5 18. Be3 c4 19. Nc1 h5 20. Qc2 Kd7 21. Ng5 Bxg5 22. fxg5 Rhf8 23. Ne2 Ne7 24. Raf1 Nf5 25. Bxf5 gxf5 26. Nf4 Rh8 27. Qe2 Kc6 28. Qd1 h4 29. g4 fxg4 30. Qxg4 Qe7 31. Nxd5 Qd8 32. Nf4 Nb6 33. Bc1 Nd5 34. Ne2 Kb6 35. Rxf7 Nc7 36. Nf4 Qe8 37. Rf6 Qc6 38. d5 Qc5+ 39. Rf2 Bxd5 40. Qh3 Rae8 41. Be3 1-0

[Event "Quebec op U2300"]
[Site "Montreal CAN"]
[Date "2007.07.28"]
[Round "9"]
[White "Houska, Jiri"]
[Black "Voskanyan, Vahagn"]
[Result "1-0"]
[WhiteElo "2041"]
[BlackElo "2278"]
[PlyCount "79"]
[GameId "2160767910576402"]
[EventDate "2007.07.20"]
[EventType "swiss"]
[EventRounds "9"]
[EventCountry "CAN"]
[SourceTitle "EXT 2022"]
[Source "ChessBase"]
[SourceDate "2021.10.06"]
[SourceVersion "1"]
[SourceVersionDate "2021.10.06"]
[SourceQuality "1"]

1. d4 Nf6 2. c4 g6 3. Nc3 d5 4. Nf3 Bg7 5. Qb3 dxc4 6. Qxc4 Nbd7 7. e4 c6 8. e5 Nb6 9. exf6 Nxc4 10. fxg7 Rg8 11. Bxc4 Rxg7 12. Bh6 Rg8 13. O-O Be6 14. Bxe6 fxe6 15. Rfe1 Qb6 16. Na4 Qb5 17. Nc5 O-O-O 18. a4 Qb6 19. Ra3 Rxd4 20. Nxd4 Qxc5 21. Nxe6 Qb4 22. Rae3 Qc4 23. R1e2 Qc1+ 24. Re1 Qxb2 25. h4 b6 26. g3 Kb7 27. Nf8 Ka6 28. Rxe7 Qa3 29. R1e4 Qd6 30. Rd7 Qf6 31. Ree7 Ka5 32. Re4 Ka6 33. Ree7 Ka5 34. Rxa7+ Kb4 35. Reb7 g5 36. Rxb6+ Ka3 37. hxg5 Qa1+ 38. Kg2 c5 39. a5 c4 40. Nd7 1-0

[Event "Quebec op U2300"]
[Site "Montreal CAN"]
[Date "2007.07.28"]
[Round "9"]
[White "Kaminski, Victor"]
[Black "Benoit-Deschamps, Jean-Marc"]
[Result "1/2-1/2"]
[WhiteElo "2149"]
[BlackElo "2101"]
[PlyCount "99"]
[GameId "2160767910576403"]
[EventDate "2007.07.20"]
[EventType "swiss"]
[EventRounds "9"]
[EventCountry "CAN"]
[SourceTitle "EXT 2022"]
[Source "ChessBase"]
[SourceDate "2021.10.06"]
[SourceVersion "1"]
[SourceVersionDate "2021.10.06"]
[SourceQuality "1"]

1. d4 Nf6 2. c4 c5 3. d5 e6 4. Nc3 exd5 5. cxd5 d6 6. e4 g6 7. f4 Bg7 8. Bb5+ Nbd7 9. e5 dxe5 10. fxe5 Nh5 11. e6 Qh4+ 12. g3 Nxg3 13. hxg3 Qxh1 14. Be3 Bxc3+ 15. bxc3 a6 16. exd7+ Bxd7 17. Bxd7+ Kxd7 18. Qb3 b5 19. O-O-O Qg2 20. Bxc5 Rhe8 21. Bd4 Qxg3 22. c4 Qxb3 23. axb3 bxc4 24. bxc4 Rac8 25. c5 Rxc5+ 26. Bxc5 Rc8 27. Kb2 Rxc5 28. Ne2 Kd6 29. Nc3 Rc4 30. Kb3 Rc8 31. Ra1 h5 32. Rxa6+ Ke5 33. Ra4 f5 34. Kc2 g5 35. Kd3 h4 36. Ra6 h3 37. Rh6 g4 38. Ne2 Re8 39. d6 Rd8 40. Ke3 Rxd6 41. Rxd6 Kxd6 42. Kf4 h2 43. Ng3 Ke6 44. Nh1 Kf6 45. Kg3 Kg5 46. Kxh2 Kh4 47. Nf2 g3+ 48. Kg2 gxf2 49. Kxf2 Kg4 50. Kg2 1/2-1/2

[Event "Quebec op U2300"]
[Site "Montreal CAN"]
[Date "2007.07.28"]
[Round "9"]
[White "MacKinnon, Keith"]
[Black "Malette, Martin"]
[Result "1/2-1/2"]
[WhiteElo "1914"]
[BlackElo "2027"]
[PlyCount "40"]
[GameId "2160767910576404"]
[EventDate "2007.07.20"]
[EventType "swiss"]
[EventRounds "9"]
[EventCountry "CAN"]
[SourceTitle "EXT 2022"]
[Source "ChessBase"]
[SourceDate "2021.10.06"]
[SourceVersion "1"]
[SourceVersionDate "2021.10.06"]
[SourceQuality "1"]

1. e4 e5 2. Nf3 Nc6 3. Bb5 a6 4. Bxc6 dxc6 5. O-O Bg4 6. h3 h5 7. d3 Qf6 8. Nbd2 O-O-O 9. hxg4 hxg4 10. Nh2 Nh6 11. Nxg4 Qh4 12. Nh2 Bc5 13. Ndf3 Qh5 14. Be3 Ng4 15. Re1 Nxh2 16. Nxh2 Qxh2+ 17. Kf1 Qh1+ 18. Ke2 Qh5+ 19. Kd2 Bb4+ 20. c3 Qxd1+ 1/2-1/2

[Event "Quebec op U2300"]
[Site "Montreal CAN"]
[Date "2007.07.28"]
[Round "9"]
[White "Pitre, Francois"]
[Black "Ibrahim, Anthony"]
[Result "0-1"]
[WhiteElo "2023"]
[BlackElo "2176"]
[PlyCount "64"]
[GameId "2160767910576405"]
[EventDate "2007.07.20"]
[EventType "swiss"]
[EventRounds "9"]
[EventCountry "CAN"]
[SourceTitle "EXT 2022"]
[Source "ChessBase"]
[SourceDate "2021.10.06"]
[SourceVersion "1"]
[SourceVersionDate "2021.10.06"]
[SourceQuality "1"]

1. d4 Nf6 2. c4 g6 3. Nc3 Bg7 4. Nf3 O-O 5. e4 d6 6. Be2 e5 7. d5 c6 8. O-O cxd5 9. cxd5 Nbd7 10. Ne1 a6 11. Nd3 Ne8 12. Be3 f5 13. f3 Ndf6 14. Na4 fxe4 15. fxe4 Nxe4 16. Rxf8+ Bxf8 17. Nb6 Rb8 18. Nxc8 Rxc8 19. Bg4 Ra8 20. Be6+ Kh8 21. Qf3 N4f6 22. Nf2 Be7 23. g4 Ng7 24. g5 Nfh5 25. h4 Qf8 26. Qg4 Nf5 27. Bb6 Bd8 28. Bxd8 Rxd8 29. Rc1 Nd4 30. Rc7 Qf3 31. Rf7 Qe3 32. Qe4 Ne2+ 0-1

[Event "Quebec op U2300"]
[Site "Montreal CAN"]
[Date "2007.07.28"]
[Round "9"]
[White "Robidas, Francois"]
[Black "Gilman, Arkadiy"]
[Result "0-1"]
[WhiteElo "1996"]
[BlackElo "2068"]
[PlyCount "68"]
[GameId "2160767910576406"]
[EventDate "2007.07.20"]
[EventType "swiss"]
[EventRounds "9"]
[EventCountry "CAN"]
[SourceTitle "EXT 2022"]
[Source "ChessBase"]
[SourceDate "2021.10.06"]
[SourceVersion "1"]
[SourceVersionDate "2021.10.06"]
[SourceQuality "1"]

1. e4 e6 2. d4 d5 3. e5 c5 4. c3 Nc6 5. Nf3 Bd7 6. dxc5 Bxc5 7. b4 Bb6 8. b5 Na5 9. Bd3 Ne7 10. h4 Qc7 11. Qe2 Rc8 12. h5 h6 13. a4 Nb3 14. Qb2 Nxa1 15. Qxa1 Ba5 16. Bd2 O-O 17. O-O f6 18. Re1 Be8 19. g4 f5 20. Nd4 Qb6 21. Qa3 Rc7 22. g5 hxg5 23. Bxg5 Nc8 24. Be3 Rcf7 25. Nb3 Qd8 26. Nxa5 Qxa5 27. Bc5 Qd8 28. Bxf8 Qg5+ 29. Kf1 Rxf8 30. Re3 Bxh5 31. Nd2 f4 32. Rh3 Qg4 33. Bh7+ Kf7 34. Nf3 Qxh3+ 0-1

[Event "Quebec-ch"]
[Site "Quebec CAN"]
[Date "2007.06.21"]
[Round "1"]
[White "Audet-Bouchard, Nicolas"]
[Black "Ye, Ling Feng"]
[Result "1-0"]
[WhiteElo "2204"]
[BlackElo "2141"]
[PlyCount "85"]
[GameId "2160767910667652"]
[EventDate "2007.06.21"]
[EventType "tourn"]
[EventRounds "9"]
[EventCountry "CAN"]
[SourceTitle "CBM 119 Extra"]
[Source "ChessBase"]
[SourceDate "2007.09.04"]
[SourceVersion "1"]
[SourceVersionDate "2007.09.04"]
[SourceQuality "1"]

1. e4 c5 2. Nf3 e6 3. d4 cxd4 4. Nxd4 Nf6 5. Nc3 d6 6. Be3 a6 7. f4 Be7 8. Qf3 Qc7 9. O-O-O b5 10. Bd3 Bb7 11. g4 b4 12. Nce2 Nc6 13. g5 Nd7 14. Kb1 d5 15. exd5 Nxd4 16. Bxd4 Bxd5 17. Be4 Bxe4 18. Qxe4 O-O 19. Bxg7 Kxg7 20. Qd4+ Kg8 21. Qxd7 Rac8 22. Qxc7 Rxc7 23. Rd4 Rfc8 24. c3 bxc3 25. Nxc3 Rc4 26. Rhd1 Kg7 27. Ne2 Rc2 28. Rc1 Rxc1+ 29. Nxc1 Kg6 30. Nd3 Rd8 31. Rxd8 Bxd8 32. Kc2 Kf5 33. b4 f6 34. gxf6 Bxf6 35. a4 e5 36. fxe5 Bxe5 37. Nxe5 Kxe5 38. Kc3 h5 39. h4 Kd5 40. Kd3 Ke5 41. Kc4 Kd6 42. Kd4 Kc6 43. Ke5 1-0

[Event "Quebec-ch"]
[Site "Quebec CAN"]
[Date "2007.06.22"]
[Round "2"]
[White "Fareh, Youness"]
[Black "Masse, Hugues"]
[Result "1-0"]
[WhiteElo "2187"]
[BlackElo "2181"]
[PlyCount "87"]
[GameId "2160767910667659"]
[EventDate "2007.06.21"]
[EventType "tourn"]
[EventRounds "9"]
[EventCountry "CAN"]
[SourceTitle "CBM 119 Extra"]
[Source "ChessBase"]
[SourceDate "2007.09.04"]
[SourceVersion "1"]
[SourceVersionDate "2007.09.04"]
[SourceQuality "1"]

1. Nf3 Nf6 2. g3 g6 3. Bg2 Bg7 4. O-O O-O 5. c4 d5 6. cxd5 Nxd5 7. Nc3 Nb6 8. d4 Nc6 9. e3 e5 10. dxe5 Nxe5 11. Nxe5 Bxe5 12. Qc2 c6 13. b3 Nd5 14. Bb2 Nb4 15. Qe4 Nd3 16. Rad1 Bf5 17. Rxd3 Qe7 18. Qc4 b5 19. Qxc6 Bxd3 20. Nd5 Qe6 21. Qxe6 fxe6 22. Bxe5 Bxf1 23. Kxf1 Rad8 24. Nf6+ Kf7 25. Nxh7 Rd1+ 26. Ke2 Rfd8 27. Ng5+ Ke7 28. Ne4 R8d7 29. Bd4 Rc1 30. Kf3 Rc2 31. a3 Ra2 32. Bc5+ Kf7 33. Bh3 Rd5 34. Bf1 a6 35. Bb4 Rb2 36. Nd6+ Kg8 37. Bh3 Kh7 38. Bxe6 Rh5 39. h4 Re5 40. Bf7 Ra2 41. Kf4 Re7 42. f3 Ra1 43. e4 Rd1 44. Bd5 1-0

[Event "Quebec-ch"]
[Site "Quebec CAN"]
[Date "2007.06.23"]
[Round "3"]
[White "Luksza, Arkadiusz"]
[Black "Fareh, Youness"]
[Result "0-1"]
[WhiteElo "2141"]
[BlackElo "2187"]
[PlyCount "162"]
[GameId "2160767910667664"]
[EventDate "2007.06.21"]
[EventType "tourn"]
[EventRounds "9"]
[EventCountry "CAN"]
[SourceTitle "CBM 119 Extra"]
[Source "ChessBase"]
[SourceDate "2007.09.04"]
[SourceVersion "1"]
[SourceVersionDate "2007.09.04"]
[SourceQuality "1"]

1. d4 Nf6 2. c4 g6 3. Nc3 Bg7 4. e4 d6 5. Be2 O-O 6. Bg5 c5 7. d5 h6 8. Bf4 Qa5 9. Qd2 Kh7 10. Nf3 Ng4 11. h3 Ne5 12. Nxe5 dxe5 13. Be3 f5 14. f3 f4 15. Bf2 a6 16. O-O Rd8 17. Rfd1 Nc6 18. Bd3 Nd4 19. Ne2 Qxd2 20. Rxd2 b6 21. Rb1 a5 22. Rc1 g5 23. Nc3 Bxh3 24. Bxd4 exd4 25. Na4 Bd7 26. Nxb6 Rab8 27. Nxd7 Rxd7 28. e5+ Kg8 29. Re1 Rdb7 30. Ree2 Bf8 31. Kh2 Kf7 32. Kh3 h5 33. b3 Bh6 34. Rd1 Rd8 35. Be4 Rb6 36. Bd3 Bg7 37. e6+ Kf6 38. Rde1 Bh6 39. Re5 Kg7 40. Rf5 Rf8 41. Rxf8 Kxf8 42. Bg6 Kg7 43. Bxh5 Kf6 44. Kh2 Bf8 45. Be8 Rd6 46. Kg1 Kf5 47. Kf2 Bg7 48. Ke2 Rd8 49. Bc6 Ke5 50. Kd3+ Kd6 51. a3 Bf6 52. Rc1 Rb8 53. Bb5 Rh8 54. Ke4 Rh2 55. Rc2 Rh1 56. Rd2 Rb1 57. Ba4 Ra1 58. Kd3 Rxa3 59. Ke2 Ra1 60. Rd1 Ra2+ 61. Rd2 Ra3 62. Ke1 Bg7 63. Ke2 Bh6 64. Rd1 Bf8 65. Rd2 Ke5 66. Rd1 Bg7 67. Rd3 Bf6 68. Rd1 Kf5 69. Rd3 Be5 70. Rd1 g4 71. Rd3 Kg5 72. Be8 Kh4 73. fxg4 Kxg4 74. d6 Bxd6 75. Bd7 Kf5 76. Ke1 Ke4 77. Ke2 Ra2+ 78. Rd2 d3+ 79. Ke1 Ra1+ 80. Rd1 Ra3 81. Ba4 Be5 0-1

[Event "Quebec-ch"]
[Site "Quebec CAN"]
[Date "2007.06.23"]
[Round "3"]
[White "Masse, Hugues"]
[Black "Voloaca, Mihnea"]
[Result "1-0"]
[WhiteElo "2181"]
[BlackElo "2228"]
[PlyCount "133"]
[GameId "2160767910667665"]
[EventDate "2007.06.21"]
[EventType "tourn"]
[EventRounds "9"]
[EventCountry "CAN"]
[SourceTitle "CBM 119 Extra"]
[Source "ChessBase"]
[SourceDate "2007.09.04"]
[SourceVersion "1"]
[SourceVersionDate "2007.09.04"]
[SourceQuality "1"]

1. d4 d5 2. c4 c6 3. cxd5 cxd5 4. Nf3 Nf6 5. Nc3 Nc6 6. Bf4 e6 7. e3 a6 8. Bd3 Be7 9. h3 O-O 10. O-O b5 11. Rc1 Bb7 12. a4 b4 13. Nb1 Rc8 14. Nbd2 Na5 15. Rxc8 Qxc8 16. Qb1 Qc6 17. Ne5 Qxa4 18. Qa1 Qxa1 19. Rxa1 Bd8 20. Ra4 Ne4 21. Bxe4 dxe4 22. Rxb4 g5 23. Bg3 Bd5 24. Nd7 Be7 25. Ra4 Nb3 26. Nxf8 Nxd2 27. Nd7 Bc4 28. Nc5 Bb5 29. Ra2 Bc4 30. b3 Nxb3 31. Nxb3 Bxb3 32. Rxa6 Kg7 33. Ra7 Kf8 34. Be5 f6 35. Bc7 h5 36. Bb6 Ke8 37. Bc5 Bd8 38. g3 Bd1 39. Rb7 Be2 40. Bb6 Be7 41. Bc5 Bd8 42. Rh7 Bd1 43. Kf1 Bf3 44. Bb4 Bd1 45. Ke1 Bf3 46. Kd2 f5 47. Ke1 Bf6 48. Kf1 Bd1 49. Bc5 Bf3 50. Ke1 Bd8 51. Bb4 Bf6 52. Ba3 Bd8 53. Rh8+ Kd7 54. Kf1 Bd1 55. Rg8 Bb3 56. Rh8 Bc4+ 57. Kg2 Be2 58. Kg1 Bd1 59. Kf1 Ba5 60. Rh7+ Kc6 61. Be7 Bc7 62. Bxg5 Bf3 63. Bf4 Bd8 64. Ra7 Bd1 65. Ra6+ Kd7 66. d5 Bb3 67. Rxe6 1-0

[Event "Quebec-ch"]
[Site "Quebec CAN"]
[Date "2007.06.24"]
[Round "4"]
[White "Fareh, Youness"]
[Black "Khassanov, Marat"]
[Result "1/2-1/2"]
[WhiteElo "2187"]
[BlackElo "2302"]
[PlyCount "59"]
[GameId "2160767910667668"]
[EventDate "2007.06.21"]
[EventType "tourn"]
[EventRounds "9"]
[EventCountry "CAN"]
[SourceTitle "CBM 119 Extra"]
[Source "ChessBase"]
[SourceDate "2007.09.04"]
[SourceVersion "1"]
[SourceVersionDate "2007.09.04"]
[SourceQuality "1"]

1. Nf3 Nf6 2. c4 c5 3. g3 b6 4. Bg2 Bb7 5. Nc3 g6 6. O-O Bg7 7. e3 O-O 8. d4 Ne4 9. Qd3 Nxc3 10. Qxc3 d6 11. b3 Nd7 12. Bb2 e6 13. Qc2 Qf6 14. e4 d5 15. Ne5 Rfd8 16. exd5 exd5 17. f4 Nxe5 18. dxe5 Qe7 19. cxd5 Bxd5 20. Rad1 Bxg2 21. Qxg2 Rxd1 22. Rxd1 Rd8 23. Qe2 h5 24. h4 Rd7 25. Rd2 Qe6 26. Kh2 Rxd2 27. Qxd2 c4 28. bxc4 Qxc4 29. Ba3 Bf8 30. Bd6 1/2-1/2

[Event "Quebec-ch"]
[Site "Quebec CAN"]
[Date "2007.06.24"]
[Round "4"]
[White "Masse, Hugues"]
[Black "Luksza, Arkadiusz"]
[Result "1/2-1/2"]
[WhiteElo "2181"]
[BlackElo "2141"]
[PlyCount "76"]
[GameId "2160767910667669"]
[EventDate "2007.06.21"]
[EventType "tourn"]
[EventRounds "9"]
[EventCountry "CAN"]
[SourceTitle "CBM 119 Extra"]
[Source "ChessBase"]
[SourceDate "2007.09.04"]
[SourceVersion "1"]
[SourceVersionDate "2007.09.04"]
[SourceQuality "1"]

1. d4 e6 2. c4 Nf6 3. Nc3 Bb4 4. Qc2 Nc6 5. Nf3 d5 6. Bg5 h6 7. Bxf6 Qxf6 8. a3 Bxc3+ 9. Qxc3 O-O 10. e3 Re8 11. Be2 a5 12. b3 e5 13. cxd5 exd4 14. Nxd4 Nxd4 15. Qxd4 Qxd4 16. exd4 Bf5 17. Ra2 Rad8 18. O-O Rxd5 19. Rd2 c5 20. g4 Be6 21. Bc4 Rxd4 22. Rxd4 cxd4 23. Rd1 Rd8 24. h3 a4 25. Bxe6 fxe6 26. bxa4 e5 27. Re1 Rd5 28. Kg2 Kf7 29. Kf3 Ke6 30. Ke4 Kd6 31. Rb1 Kc6 32. h4 Ra5 33. Rc1+ Rc5 34. Rd1 Rd5 35. Rc1+ Rc5 36. Rd1 Ra5 37. Rc1+ Kd6 38. Rb1 Kc6 1/2-1/2

[Event "Quebec-ch"]
[Site "Quebec CAN"]
[Date "2007.06.25"]
[Round "5"]
[White "Audet-Bouchard, Nicolas"]
[Black "Fareh, Youness"]
[Result "1/2-1/2"]
[WhiteElo "2204"]
[BlackElo "2187"]
[PlyCount "92"]
[GameId "2160767910667672"]
[EventDate "2007.06.21"]
[EventType "tourn"]
[EventRounds "9"]
[EventCountry "CAN"]
[SourceTitle "CBM 119 Extra"]
[Source "ChessBase"]
[SourceDate "2007.09.04"]
[SourceVersion "1"]
[SourceVersionDate "2007.09.04"]
[SourceQuality "1"]

1. e4 c5 2. Nf3 e6 3. d4 cxd4 4. Nxd4 Nf6 5. Nc3 Nc6 6. Ndb5 Bb4 7. a3 Bxc3+ 8. Nxc3 d5 9. exd5 exd5 10. Bd3 O-O 11. O-O d4 12. Ne2 Bg4 13. f3 Bh5 14. Nf4 Bg6 15. Nxg6 hxg6 16. f4 Ne7 17. Bd2 Nf5 18. Qf3 Qb6 19. a4 Rfe8 20. a5 Qc6 21. Qxc6 bxc6 22. Rfe1 Nd5 23. Kf2 Nd6 24. g3 Rab8 25. b3 c5 26. Kf3 Kf8 27. h4 f5 28. Rh1 Kf7 29. a6 Nb4 30. Bxb4 Rxb4 31. Ra5 c4 32. bxc4 Nxc4 33. Rc5 Nb2 34. Be2 Na4 35. Rc6 Re3+ 36. Kf2 Rc3 37. Rxc3 Nxc3 38. Bd3 Ne4+ 39. Kf3 Nc5 40. Ke2 Ra4 41. h5 Ra3 42. hxg6+ Kxg6 43. Bxf5+ Kxf5 44. Rh5+ Kg4 45. Rxc5 Kxg3 46. Rc4 Rxa6 1/2-1/2